000 01227nam a2200301 i 4500
003 EG-GICUC
005 20260430120709.0
008 260430s1960 ua ||||fr|||| 00| 0 ara d
040 _a EG-GICUC
_bara
_c EG-GICUC
_d EG-GICUC
_erda
041 _aara
_hara
082 0 4 _221
_a343.241
_bم ر . ب
092 0 4 _221
099 _aLaw1 10 343.241 م ر . ب 1960
110 2 _aالمركز القومى للبحوث الاجتماعية والجنائية
245 1 0 _aبحث السرقة عند الأحداث.
_cالمركز القومى للبحوث الاجتماعية والجنائية.
_nالجزء الأول،
_pدراسة احصائية تحليلية /
264 1 _aلا يوجد مكان نشر محدد :
_bلا يوجد ناشر محدد،
_c1960.
300 _a153 صفحة ;
_c24 سم.
336 _2rda content
_atext
337 _2rda media
_aComputer
338 _2rda carrier
_aOnline Resource
504 _aيشتمل على إرجاعات ببليوجرافية.
546 _aالنص باللغة العربية
650 1 _aالقانون الجنائي
650 1 _aالسرقة
856 4 0 _uhttps://fll.law.cu.edu.eg/fulltext/bks/B10-04906.pdf
905 _a43
942 _2ddc
_n0
_cBK
_e21
999 _c74472
_d74472